000 01287nam a2200241Ia 4500
999 _c52159
_d52159
001 19166
003 GE_BSU
005 20210312150842.0
008 181216s2013||||ge |||||||||||||| ||geo||
040 _cGE_BSU
041 _ageo
080 _a81 М-99
100 _aМхитарян, Кристина
_910448
245 _aСовременные перспективы развития английского языка и фактор ретронимии в моделировании языковой картины мира /
_cКристина, Мхитарян; Научн. руков. З. Бежанов; Батумский гос. ун-т им. Шота Руставели
264 _aБатуми :
_bБатумский гос. ун-т им. Ш. Руставели,
_c2013.
300 _a137 стр.
_b30 см.
653 _aСовременные перспективы развития английского языка и фактор ретронимии в моделировании языковой картины мира
653 _aЯзыкознание
653 _aდისერტაცია
653 _aენათმეცნიერება
700 _aБежанов, З.
_eНаучн. руководитель
_910449
942 _cBK
_2udc